000 01107nam a2200217 i 4500
001 6224
003 ES-MaACL
005 20230906144835.0
007 t|
008 890830s1988 sp |||| | spa d
020 _a84-7812-010-6 (O.C.)
080 _a312(464.1)"1986"
245 0 3 _aLa poblacion de Madrid en 1986
_b: (clasificada según la división vigente desde el día 1 de julio de 1988).
260 _aMadrid :
_bAyuntamiento, Dirección de Servicios de Informática y Ordenación Administrativa,
_cD.L. 1988.
300 _a2 t. en 9 v. ;
_c29 cm.
500 _aEn cub. además: Padrón municipal de habitantes renovado al 1 de abril de 1986.
505 8 _aContiene: t. I ;
_tTotal municipal - t. II ;
_tDistrito de Barajas; Distrito de Hortaleza; Distrito de Moratalaz; Distrito de Usera; Distrito de Puente de Vallecas; Distrito de Villa de Vallecas; Distrito de Vicálvaro; Distrito de Villaverde
651 _aMadrid (Comunidad Autónoma)-
_vCensos.
_9168225
710 1 _aMadrid.
_bDirección de Servicios de Informática y Ordenación Administrativa.
_95623
852 _aES-MaACL
_jL-13140-48
999 _c6224
_d6224